Central Library OPAC University of Rajshahi

The intelligence of democracy : (Record no. 40771)

MARC details
000 -LEADER
fixed length control field 00897nam a2200277 a 4500
001 - CONTROL NUMBER
control field 40771
003 - CONTROL NUMBER IDENTIFIER
rucl marc code BD-RjUL
005 - DATE AND TIME OF LATEST TRANSACTION
control field 20211209053257.0
008 - FIXED-LENGTH DATA ELEMENTS--GENERAL INFORMATION
fixed length control field 160510s1965 nyu b 000 0 eng
035 ## - SYSTEM CONTROL NUMBER
System control number (BD-RjUL)40886
040 ## - CATALOGING SOURCE
Original cataloging agency DLC
Transcribing agency DLC
Modifying agency DLC
Language of cataloging eng
041 ## - LANGUAGE CODE
Language code of text/sound track or separate title eng
082 00 - DEWEY DECIMAL CLASSIFICATION NUMBER
Classification number 301.15
Author mark and year LII 1965
100 1# - MAIN ENTRY--PERSONAL NAME
Personal name Lindblom, Charles Edward
Dates associated with a name 1917-
9 (RLIN) 125459
245 14 - TITLE STATEMENT
Title The intelligence of democracy :
Remainder of title decision making through mutual adjustment /
Statement of responsibility, etc. [by] Charles E. Lindblom.
260 ## - PUBLICATION, DISTRIBUTION, ETC. (IMPRINT)
Place of publication, distribution, etc. New York :
Name of publisher, distributor, etc. Free Press,
Date of publication, distribution, etc. c1965
300 ## - PHYSICAL DESCRIPTION
Pagination viii, 352 p. ;
Size 22 cm.
504 ## - BIBLIOGRAPHY, ETC. NOTE
Bibliography, etc Bibliographical references included in "Notes" (p. 336-346)
650 #0 - SUBJECT ADDED ENTRY--TOPICAL TERM
Topical term or geographic name as entry element Social sciences
General subdivision Methodology.
9 (RLIN) 125460
Topical term or geographic name as entry element Decision making.
9 (RLIN) 125461
Topical term or geographic name as entry element Attitude change.
9 (RLIN) 125462
Topical term or geographic name as entry element Democracy.
9 (RLIN) 125463
Topical term or geographic name as entry element Social interaction.
9 (RLIN) 125464
942 ## - ADDED ENTRY ELEMENTS (KOHA)
Source of classification or shelving scheme Dewey Decimal Classification
Koha item type Books
Holdings
Lost status Source of classification or shelving scheme Damaged status Not for loan Collection code Permanent Location Current Location Shelving location Date acquired Source of acquisition Total Checkouts Full call number Date last seen Copy number Koha item type
  Dewey Decimal Classification   Not For Loan Non-fiction Central Library, University of Rajshahi Central Library, University of Rajshahi Reading Room 16/07/1991 Samsunnahar   301.15 LII 1965 10/05/2016 C-1 Books